000 00856cam a2200229 4500
008 041220n2004 000 0 eng u
020 _a1860817092
035 _a(Sirsi) u128361
041 _aeng.
050 _a693.5
_c18
110 _aBRE Centre for Concrete Construction
_94659
245 _aAlkali-silica reaction in concrete
_bbackground to the guidance notes.
260 _aWatford
_bBRE
_c2004
300 _a8p.
_c30cm.
490 _aBRE Digest
_v330 Part 1
520 _aThis four part digest offers guidance for general concreting applications. Part one gives the background to the detailed and simplified guidance contained in parts two and four.
650 _aCONCRETE
650 _aALKALI SILICA REACTION
690 _aBUILT ENVIRONMENT-BUILDING PATHOLOGY
710 _aUnited Kingdom
_bDepartment of Trade and Industry
942 _n0
999 _c103897
_d103897